Dental Treatment of Medically Compromised Patients / (Record no. 35182)

MARC details
000 -LEADER
fixed length control field 00517nam a22001697a 4500
005 - DATE AND TIME OF LATEST TRANSACTION
control field 20240311113001.0
008 - FIXED-LENGTH DATA ELEMENTS--GENERAL INFORMATION
fixed length control field 240226b |||||||| |||| 00| 0 eng d
020 ## - INTERNATIONAL STANDARD BOOK NUMBER
ISBN 9788123923437
082 ## - DEWEY DECIMAL CLASSIFICATION NUMBER
Classification number 617.606
Item number RAG-D
100 ## - MAIN ENTRY--AUTHOR
Author Name Ragab, Radwan R.EL-Beialy
245 ## - TITLE STATEMENT
Title Dental Treatment of Medically Compromised Patients /
Statement of responsibility, etc. Ragab, Radwan R.EL-Beialy
260 ## - PUBLICATION, DISTRIBUTION, ETC.
Place of Publication India :
Name of publisher, distributor, etc. Jaypee ;
Date of publication, distribution, etc. 2014 .
300 ## - PHYSICAL DESCRIPTION
Pages India :
500 ## - GENERAL NOTE
General note Hard binding. Include Index.
650 ## - SUBJECT ADDED ENTRY--TOPICAL TERM
Subject / Department Medical / Dentistry
300 ## - PHYSICAL DESCRIPTION
-- ill ;
-- 27 cm.
952 ## - LOCATION AND ITEM INFORMATION (KOHA)
-- 0
-- 0
Holdings
Lost status Damaged status Collection code Permanent Location Current Location Shelving Location Full Call Number Accession No./Barcode Date last seen item type Koha item type
    Medical Superior Information Resource Center (SIRC) Superior University- Central Library Superior Information Resource Center (SIRC) Superior University- Central Library Dentistry 617.606 RAJ-G-D 2014 13415 03/11/2024 BOOK BOOK

Powered by Koha